000 00613nam a2200193 4500
001 132890
003 ES-MaACL
005 20230906194255.0
007 t|
008 070214s1958 sp r ||||1| spa d
100 1 _aRoschini, Gabriele Maria.
_999659
245 1 3 _aLa madre de Dios según la fe y la teología /
_cGabriel Mª Roschini, O.S.M.
250 _a2ª ed. española
_bpreparada por Eduardo Espert, S.J.
260 _aMadrid :
_bApostolado de la Prensa,
_c1958.
300 _a2 v. ;
_c21 cm.
650 0 0 _aMariología.
_914794
700 1 _aEspert, Eduardo.
_947812
852 _aES-MaACL
_jC-14028-29
999 _c132890
_d132890